00789nam a2200205 i 450000100060000000300090000600500170001500700030003200800410003510000330007624501460010925000150025526000330027030000350030370000370033870000370037585200320041299900170044495201220046160456ES-MaACL20230906164233.0t|031104s1968 sp ||||1| spa d1 aEsteban-Altirriba, J.94804010aDirección médica del parto / cpor Juan Esteban-Altirriba ; presentación, Víctor Cónill Serra ; prólogo, Roberto Caldeyro-Barcia. a[1ª ed.]. aBarcelona : bJims, c[1968] aXXI, 256 p. : bil. ; c24 cm.1 aCónill Serra, Víctor.9401851 aCaldeyro-Barcia, Roberto.933641 aES-MaACLjC-34546 bR.66277 c60456d60456 00104070aATENEOMbATENEOMcDEPO2d2008-01-17eSCl0oC-34546p1063407r2023-02-23 00:00:00w2023-02-23yMONOGRAFIA